| 000 | 00703nam a2200205 a 4500 | ||
|---|---|---|---|
| 005 | 20230419063525.0 | ||
| 008 | 991125s1994 mx 000 0 spa u | ||
| 020 | _a9684308671 | ||
| 035 | _aUPN01000003885 | ||
| 049 | _aLT | ||
| 050 | 4 |
_aLB1684 M6.1 _bA67 1994 |
|
| 245 | 0 | 0 |
_aApreciación y expresión plásticas : _b1er. curso : educación secundaria / _cdir. Fernando García Cortés. |
| 260 |
_aMéxico : _bSantillana, _c1994. |
||
| 300 |
_a119 p. : _bil. |
||
| 500 | _a"Basado en el último plan de estudios para 1994-95" | ||
| 650 | 4 |
_aArte _xEstudio y enseñanza (Secundaria) _92645 |
|
| 650 | 2 |
_aApreciación del arte _9903 |
|
| 700 | 1 |
_aGarcía Cortés, Fernando, _edir. _932749 |
|
| 905 | _aLibro | ||
| 999 |
_c3885 _d3885 |
||